| 000 | 01027nam a22003137a 4500 | ||
|---|---|---|---|
| 003 | DO-SdBPM | ||
| 005 | 20260313134655.0 | ||
| 007 | ta | ||
| 008 | 161128b 2002 mx a |||| 00| 0 spa d | ||
| 020 | _a9789681906221 | ||
| 040 |
_aDO-SdBPM _bspa _cBPMSU _erda |
||
| 082 | 0 | 4 |
_a813.5 _bM663o 2007 _222 |
| 100 | 1 |
_aMinarik, Else Holmelund, _d1920- _eautor _4aut. |
|
| 245 | 1 |
_aOsito / _cElse Holmelund Minarik ; ilustraciones Maurice Sendak |
|
| 260 |
_c _g |
||
| 264 |
_aMéxico : _bAlfaguara, _c2007 |
||
| 300 |
_a58 páginas : _bilustración, _c19 cm. |
||
| 336 |
_atexto _btxt _2rdacontent |
||
| 337 |
_asin mediación _bn _2rdamedia |
||
| 338 |
_avolumen _bn _0rdacarrier |
||
| 490 | 0 | _aLa biblioteca de los niños | |
| 590 | _aInventariado, 2026/VM | ||
| 650 | 7 | _aCuentos infantiles estadounidenses | |
| 650 | 7 | _aLibros ilustrados para niños | |
| 650 | 7 | _aLiteratura infantil estadounidense | |
| 700 | 1 |
_aSendak, Maurice, _eilustración |
|
| 910 | _aVMateo V. Control de calidad. BPMSU | ||
| 942 |
_2ddc _cBK |
||
| 999 |
_c12126 _d12126 |
||